London Heathrow Airport (LHR) Destinations - Statistics

General Stats
  • This quiz has been taken 3,096 times
    2,773 since last reset
  • The average score is 124 of 209
Answer Stats
Hint Answer % Correct
Aer Lingus, British Airways Dublin
95%
Air France, British Airways Paris-Charles de Gaulle
92%
Air China, British Airways Beijing-Capital
91%
British Airways Moscow-Domodedovo
91%
Aeroflot Moscow–Sheremetyevo
91%
Air Canada, British Airways Toronto-Pearson
91%
American, British Airways, Delta, Virgin Atlantic New York-JFK
90%
Alitalia, British Airways Rome-Fiumicino
90%
Aegean Air, British Airways Athens
89%
British Airways, Iberia Madrid
89%
Aeromexico, British Airways Mexico City
89%
All Nippon Airways, British Airways, Japan Air Tokyo-Haneda
89%
British Airways Tokyo-Narita
89%
British Airways, KLM Amsterdam
88%
British Airways, EgyptAir Cairo
88%
British Airways, Emirates, Royal Brunei Air, Virgin Atlantic Dubai
88%
British Airways, TAP Portugal Lisbon
88%
Air New Zealand, American, British Airways, United, Virgin Atlantic Los Angeles
88%
British Airways Barcelona
87%
Air India, British Airways, Jet Air Mumbai
87%
British Airways, SAS Oslo
87%
Air Canada, British Airways Vancouver
87%
British Airways, Eurowings Berlin-Tegel
86%
Air India, British Airways, Jet Air, Virgin Atlantic Delhi
86%
British Airways, Finnair Helsinki
86%
American, British Airways, Virgin Atlantic Miami
86%
Alitalia, British Airways Milan-Linate
86%
British Airways Milan-Malpensa
86%
British Airways, Qantas Sydney
86%
British Airways, Turkish Air Istanbul-Ataturk
85%
British Airways, China Eastern, Virgin Atlantic Shanghai-Pudong
85%
British Airways, Qantas, Singapore Air Singapore
85%
British Airways, SAS Stockholm
85%
British Airways, Brussels Air Brussels
84%
American, British Airways, United, Virgin Atlantic Chicago-O'hare
84%
British Airways, Lufthansa Munich
84%
British Airways, LOT Polish Warsaw
84%
British Airways, Swiss Int'l Air Zurich
84%
British Airways, EVA Air, Thai Air Bangkok-Suvarnabhumi
83%
British Airways, Lufthansa Frankfurt
83%
British Airways, Cathay Pacific, Virgin Atlantic Hong Kong
83%
Air Canada, British Airways Montreal-Trudeau
83%
Austrian Air, British Airways Vienna
83%
British Airways, SAS Copenhagen
82%
American, British Airways Dallas/Fort Worth
82%
British Airways, Qatar Air Doha
82%
British Airways, United, Virgin Atlantic San Francisco
82%
Asiana Air, British Airways, Korean Air Seoul-Incheon
82%
British Airways, Delta, Virgin Atlantic Boston
81%
British Airways, Etihad Abu Dhabi
80%
Aer Lingus, British Airways Belfast-City
80%
British Airways Manchester
80%
Qantas Perth
80%
Air New Zealand Auckland
79%
British Airways, Flybe Edinburgh
79%
British Airways, El Al Tel Aviv
79%
British Airways, United Houston
78%
British Airways, South African Air, Virgin Atlantic Johannesburg
78%
Qantas Melbourne
78%
British Airways Rio de Janeiro
78%
British Airways, Virgin Atlantic Seattle
78%
British Airways, United, Virgin Atlantic Washington-Dulles
78%
British Airways, Croatia Air Zagreb
78%
British Airways, Delta, Virgin Atlantic Atlanta
77%
British Airways Cape Town
77%
British Airways Glasgow
77%
Garuda Indonesia Jakarta
77%
British Airways, Saudia Riyadh
76%
Air Algerie Algiers
75%
British Airways, Swiss Int'l Air Geneva
75%
British Airways, Malaysia Air Kuala Lumpur
75%
British Airways, Kenya Air Nairobi
75%
Vietnam Air Hanoi
74%
British Airways, Kuwait Air Kuwait City
74%
Tunisair Tunis
74%
Air Serbia Belgrade
73%
Aer Lingus Cork
73%
Philippine Air Manila
73%
British Airways, Bulgaria Air Sofia
73%
British Airways, TAROM Bucharest
72%
British Airways, LATAM Brasil Sao Paulo
72%
Royal Air Maroc Casablanca
71%
Pakistan Int'l Air Islamabad
71%
British Airways, Iran Air Tehran
71%
British Airways Budapest
70%
British Airways, United Denver
70%
British Airways, Eurowings Hamburg
70%
Air Astana Astana
69%
Avianca Bogota
69%
Biman Bangladesh Air Dhaka
69%
British Airways Nice
69%
British Airways, Icelandair Reykjavik
69%
British Airways Venice
69%
Air Canada, British Airways Calgary
68%
Air Canada Ottawa
68%
American, British Airways, Delta Philadelphia
68%
British Airways, Royal Jordanian Amman
67%
Azerbaijan Air Baku
67%
British Airways St. Petersburg
67%
EVA Air Taipei-Taoyuan
67%
British Airways Buenos Aires
66%
British Airways, Saudia Jeddah
66%
Pakistan Int'l Air Karachi
66%
British Airways Lyon
66%
British Airways, Oman Air Muscat
66%
Delta Detroit
65%
China Southern Guangzhou
65%
British Airways Marseille
65%
SriLankan Air Colombo
64%
British Airways, Eurowings Dusseldorf
64%
Arik Air, British Airways, Virgin Atlantic Lagos
64%
British Airways Las Vegas
63%
British Airways Prague
63%
British Airways Santiago
63%
Air Malta Malta
62%
British Airways San Diego
62%
Ethiopian Air Addis Ababa
61%
Royal Air Maroc Rabat
61%
American Charlotte
60%
British Airways, Middle East Air Beirut
59%
Pakistan Int'l Air Lahore
59%
British Airways Phoenix
59%
British Airways Chennai
57%
Eurowings Cologne/Bonn
57%
British Airways Krakow
56%
British Airways Las Palmas
56%
British Airways Malaga
56%
British Airways Austin
55%
Royal Air Maroc Marrakech
55%
British Airways Kiev
54%
Delta Minneapolis/St. Paul
54%
Air India, British Airways, United, Virgin Atlantic Newark
53%
British Airways, Iberia Express Palma de Mallorca
53%
Delta Portland (OR)
53%
British Airways Bangalore
52%
British Airways, Croatia Air Split
52%
Uzbekistan Air Tashkent
52%
British Airways, Eurowings Stuttgart
50%
British Airways, Flybe Aberdeen
49%
British Airways Newcastle upon Tyne
49%
British Airways New Orleans
49%
Air Canada Halifax
48%
Vietnam Air Ho Chi Minh City
48%
Aer Lingus Shannon
48%
Air Mauritius Mauritius
47%
British Airways Turin
47%
British Airways Bilbao
46%
British Airways Hyderabad
46%
British Airways Ibiza
46%
British Airways Accra
45%
British Airways Tenerife-South
45%
British Airways Toulouse
45%
British Airways, Gulf Air Bahrain
44%
British Airways Palermo
44%
Delta Salt Lake City
44%
British Airways San Jose
44%
British Airways Baltimore
43%
British Airways Gothenburg
42%
British Airways Basel/Mulhouse
41%
British Airways Luxembourg
41%
British Airways Abuja
40%
British Airways Leeds/Bradford
40%
British Airways Faro
39%
Turkmenistan Air Ashgabat
38%
SriLankan Air Male
38%
British Airways, Eurowings Salzburg
38%
British Airways Tallinn
38%
Air India Ahmedabad
37%
Royal Brunei Air Bandar seri Begawan
37%
British Airways Hanover
36%
American Raleigh/Durham
36%
Air Canada St. John's
36%
Saudia Medina
35%
British Airways Nassau
34%
British Airways Bologna
32%
British Airways Innsbruck
32%
British Airways Inverness
32%
British Airways Nantes
31%
British Airways Gibraltar
29%
Iberia Express Gran Canaria
28%
British Airways, Cobalt Air Larnaca
28%
British Airways Luanda
28%
British Airways Pisa
28%
EgyptAir Luxor
27%
British Airways Corfu
26%
British Airways Menorca
22%
British Airways Mykonos
22%
British Airways Santorini
22%
SAS Stavanger
21%
Virgin Atlantic Barbados
19%
British Airways Billund
19%
British Airways Kos
19%
British Airways Pula
17%
Beijing Capital Air Qingdao
16%
British Airways Montpellier
15%
British Airways Murcia
15%
Vueling A Coruna
14%
British Airways Chania
14%
British Airways Grenoble
13%
Croatia Air Rijeka
13%
British Airways Olbia
12%
British Airways Brindisi
11%
British Airways Zakynthos
11%
British Airways Almeria
10%
British Airways Mahe
10%
British Airways Kalamata
9%
British Airways Biarritz
8%
British Airways Grand Cayman
8%
Iberia Express Asturias
6%
No matching quizzes found
Score Distribution
Percent of People with Each Score
Percentile by Number Answered
Your Score History
You have not taken this quiz since the last reset